|
|
|
|
| LEADER |
00988nam a2200229 i 4500 |
| 001 |
c000025857 |
| 003 |
CARM |
| 005 |
00000000000000.0 |
| 008 |
840917s1971 ve 0 eng d |
| 019 |
1 |
|
|a 9248243
|5 LACONCORD2021
|
| 035 |
|
|
|a (OCoLC)1142053
|5 LACONCORD2021
|
| 110 |
2 |
0 |
|a Universidad Central de Venezuela.
|b Consejo de Desarrollo Cientifico y Humanistico.
|
| 245 |
1 |
0 |
|a Materiales para el estudio de la cuestion agraria en Venezuela (1829-1860) :
|b enajenacion y arrendamiento de tierras baldias /
|c Estudio preliminar por Carmen Gomez R.
|
| 260 |
|
|
|a Caracas,
|c 1971-.
|
| 300 |
|
|
|a v.
|
| 440 |
|
|
|a Publication
|v 3
|
| 650 |
|
0 |
|a Land tenure
|z Venezuela
|x History.
|
| 700 |
2 |
0 |
|a Gomez Rodriguez , Carmen.
|
| 852 |
8 |
|
|b CARM
|h A2:AF35D4
|i D01164
|p 0073432
|j v.1
|f BK
|
| 082 |
0 |
|
|a 333.320987
|
| 999 |
f |
f |
|i 3e3e50cc-c60b-50ea-a796-f40a1fa2c108
|s 6bb96803-36b3-5dea-9562-f90ca44f56ab
|
| 952 |
f |
f |
|p Can circulate
|a CAVAL
|b CAVAL
|c CAVAL
|d CARM 1 Store
|e D01164
|f A2:AF35D4
|h Other scheme
|i book
|j v.1 held
|m 0073432
|